De los bienes

Uloženo v:
Podrobná bibliografie
Hlavní autor: Troncoso Larronde, Hernán (Autor)
Médium: Kniha
Jazyk:španělština
Vydáno: Santiago Thomson Reuters 2017
Vydání:2a. ed
Edice:Colección Tratados y Manuales
Témata:
Tagy: Přidat tag
Žádné tagy, Buďte první, kdo vytvoří štítek k tomuto záznamu!

MARC

LEADER 00000cam a2200000 a 4500
001 UCC2419
003 CL-VaPUC
005 20210119001050.0
008 180119e20171200cl |||||||||||||||||spa|d
999 |c 370567  |d 370565 
020 |a 9789563469141 
040 |c Pontificia Universidad Católica de Valparaíso 
082 0 4 |a 346.8304  |b TRO  |2 21 
100 0 |a Troncoso Larronde, Hernán  |e author  |9 596524 
245 1 0 |a De los bienes 
250 |a 2a. ed 
260 |a Santiago  |b Thomson Reuters  |c 2017 
300 |a 201 p 
490 0 |a Colección Tratados y Manuales 
583 |a last modification  |c 20180119 15:30:00  |k Rodrigo Vera 
650 0 |a Bienes  |9 255749 
650 0 |a Separación de bienes  |9 357529 
650 0 |a Derecho de propiedad  |9 256450 
852 |a BIBCUR 
942 |c BK  |2 ddc 
945 |d 20180119 15:30:00  |a arojas 
952 |0 0  |1 0  |3 erb  |4 0  |6 346_830400000000000_TRO_2017  |7 0  |8 A  |9 487099  |a BIBDER  |b BIBDER  |i 5451442  |l 4  |m 1  |o 346.8304 TRO 2017  |p 5451442  |r 2024-04-11  |s 2024-04-02  |w 2019-11-24  |y BK  |z Catalogado en:20180119  |k DER